000 00804nam a2200253Ia 4500
003 OSt
005 20220918171356.0
006 a|||||r|||| 00| 0
007 ta
008 220917b |||||||| |||| 00| 0 eng d
020 _a9781580465847 (hbk)
_cUKP 80.00
024 _a353,280
037 _b4452, 06/03/2020, Govinda Book House
_cTextual
040 _aARTS
_cARTS
_beng
041 _2eng
_aeng
082 _aV688:1, Q8
100 _aBruner Jason Au.
_936164
245 0 _aLiving salvation in the east African revival in uganda
260 _aNew York
_bUniversity of Rocherter Press USA
_c2018
300 _axi,191p.
_ccm.
650 _aUGANDA - HISTORY
_936165
942 _hV688:1, Q8
_cTEXL
_2CC
999 _c139267
_d139267